LEADER 01088nam a2200253 i 4500 001 000000219570 003 CaOOAMICUS 005 20130329000000.0 008 130329s1987 it u000 u ita u 013 $a198467 020 $a88-384-1199-9 040 $aSeMil$bita 100 1 $aKatunarich, Sergio M. .$0(OLS)http://semarc/name/47568 245 10$aBreve storia dell'ebraismo e dei suoi rapporti con la cristianità /$cSergio M. Katunarich. 260 $aCasale Monferrato :$bPiemme,$c1987. 300 $a300 p. ;$c24 cm. 650 4$aGiudaismo - Storia.$0(OLS)http://semarc/subject/1034 650 4$aGiudaismo e cristianesimo.$0(OLS)http://semarc/subject/2145 850 $aSeMil 852 $aSeMil$W1$xVenegono$y1$m2R V 205$j169931$B169931$CSeMilBibl$Z2$F180888 $81 961 $aLascito: Presbitero, Silvana 996 $6020$a88-384-1199-9$9(OLS)http://semarc/number/217728 996 $6245$aBreve storia dell'ebraismo e dei suoi rapporti con la cristianità$9(OLS)http://semarc/title/314992 996 $6260$aCasale Monferrato :$bPiemme$9(OLS)http://semarc/publisher/29798 LEADER 00765naa a2200157 i 4500 001 000000296487 003 CaOOAMICUS 005 20180831172546.0 008 180831n xx u000 u und u 013 $a3936 040 $aSeMil$bita 100 1 $aFini, Mario.$0(OLS)http://semarc/name/20939 245 12$aL'odierno pentecostalismo :$bl'esperienza e la riflessione critica : "reazione" al testo di Mario Panciera. P. 331-336. 650 4$aPentecostali.$0(OLS)http://semarc/subject/8654 773 0 $tVerso una nuova età dello spirito.$dPadova : Messaggero, copyr. 1997.$kStudi religiosi$z88-250-0597-0$w()53347 996 $6245$aL'odierno pentecostalismo :$bl'esperienza e la riflessione critica : "reazione" al testo di Mario Panciera. P. 331-336.$9(OLS)http://semarc/title/372541